01202nam a2200277 a 450000100060000000300080000600500170001400800410003103500190007204000270009104100130011808200180013110000320014924502250018124600260040624600610043226000580049330000330055150000790058450000840066350400510074761000320079865000350083065000340086570000250089931043BD-RjUL20211209051643.0140413t1940 enk 001 0 eng d a(BD-RjUL)31130 aDLCbengcDLCdBD-RjUL1 aenghger04a270bPAH 19401 aPastor, Ludwig,d1854-1928.14aThe history of the popes, from the close of the Middle Ages :bdrawn from the secret archives of the Vatican and other original sources /nVolume XXXII /cfrom the German of Ludwig Pastor ; translated by Dom Ernest Graf.15aHistory of the popes.3 aHistory of the popes, from the close of the Middle Ages. aLondon :bKegan Paul, Trench, Trübner & Co.,c1940. aV-32 (xiv, 706 p.) ;c23 cm. aTranslation of: Geschichte der Päpste seit dem Ausgang des Mittelalters. aCovers the period from the election of Clement XI in 1700 to his death in 1721. aIncludes bibliographical references and index. aCatholic Church -- History. 0aPapacyxHistoryy18th century. 0aChurch historyy18th century.1 aGraf, Ernest,d1879-